IŞIK AVCISI-TEKİN YILDIZI (Record no. 711355)

MARC details
000 -LEADER
sabit uzunluktaki kontrol alanı 00246nam a2200097Ia 4500
001 - KONTROL NUMARASI
kontrol alanı 711355
005 - EN SON İŞLEMİN TARİH VE ZAMANI
kontrol alanı 20250826162806.0
008 - SABİT-UZUNLUKTA VERİ ÖĞELERİ--GENEL BİLGİ
sabit uzunluktaki kontrol alanı 250824s9999 xx 000 0 und d
245 #0 - ESER / YAZAR
ESER ADI IŞIK AVCISI-TEKİN YILDIZI
Yazar Adı ALİ SAÇIKARA
260 ## - YAYIN, DAĞITIM, VB.
YAYIN EVİ ATLIKARINCA
Holdings
Düşüm durumu Kayıp durumu Hasar Durumu Ödünç verilmez Ana kütüphane Geçerli Kütüphane Edinilen tarih Toplam ödünç verme sayısı Barkod Son görüntüleme tarihi Fiyatın geçerli olmaya başladığı tarih Koha materyal türü
        MUSTAFA BÜYÜKKAPLAN İMAM HATİP ORTAOKULU (ERKEK) MUSTAFA BÜYÜKKAPLAN İMAM HATİP ORTAOKULU (ERKEK) 24.08.2025   10053824 26.08.2025 26.08.2025 Books